Toma de posesión del nuevo presidente de la Diputación de Barcelona Don José María de Muller y de Abadal
Publicado:
San Jorge, núm. 67 - 68 (2n semestre 1967), pàg 12 - 24 :
MARC
| LEADER | 00000nam a2200000Ia 4500 | ||
|---|---|---|---|
| 008 | 160829s9999 xx 000 0 cat d | ||
| 245 | |a Toma de posesión del nuevo presidente de la Diputación de Barcelona Don José María de Muller y de Abadal | ||
| 260 | |a San Jorge, núm. 67 - 68 (2n semestre 1967), pàg 12 - 24 | ||
| 600 | 0 | |9 28922 |a Muller i d'Abadal, Josep M., |d 1919-1981 | |
| 600 | 1 | 0 | |a Buxó de Abaigar, Joaquín, |c marqués de Castell-Florite, |d 1905-1979 |9 54201 |
| 610 | 1 | 0 | |a Barcelona (Catalunya : Província). |b Diputació |9 52771 |x Presidents |
| 650 | |a Barcelona (Província) |x Política i govern |x 1967 |x Discursos I |9 40711 | ||
| 901 | |a Arxiu | ||
| 942 | |n 1 |2 udc | ||
| 952 | |0 0 |1 0 |4 0 |7 1 |9 49864 |a Arxiu |b Arxiu |d 2016-12-01 |l 0 |r 2016-12-01 00:00:00 |w 2016-12-01 |y ARXIU | ||
| 999 | |c 53706 |d 53706 | ||